000
nam a22 7a 4500
999
_c
51515
_d
51515
003
OSt
005
20220401110310.0
008
220401b xxu||||| |||| 00| 0 eng d
040
_c
sero soft
100
_a
hussain ,Naushad
245
_a
computer Science
260
_a
Delhi
_b
Shipra
_c
Shipra pub New Delhi
300
_a
262
942
_2
ddc
_c
02